000 00491nmm a2200169Ia 4500
008 251105s9999||||xx |||||||||||||||||und||
020 _a9788471486127
041 _aspa
100 _aBustillo Castresana, Joxerra
245 0 _aMal de manos
264 _a[Madrid, España] :
_bElkar,
_c[Fecha de publicación no identificada]
300 _a192 páginas
490 _aNarrativa
650 _aThriller & Suspense
856 _uhttps://public.digitaliapublishing.com/a/98290
942 _cCF
999 _c84827
_d84827